MARC

LEADER 00000nam0a2200000 4500
001 270387
005 20231031224943.0
035 |a (RuTPU)RU\TPU\book\293568 
090 |a 270387 
100 |a 20140926d1987 k y0rusy5003 ca 
101 0 |a rus 
102 |a RU 
105 |a y z 001zy 
200 1 |a Климатические и биологические последствия ядерной войны  |e сборник  |f Академия наук СССР (АН СССР) ; под ред. Е. П. Велихова 
210 |a Москва  |c Наука  |d 1987 
215 |a 288 с. 
320 |a Библиогр. в конце ст. 
606 1 |a Ядерная война  |2 stltpush  |3 (RuTPU)RU\TPU\subj\39032 
610 1 |a последствия 
610 1 |a биологические последствия 
610 1 |a катастрофы 
610 1 |a ядерная угроза 
610 1 |a предотвращение 
610 1 |a международная безопасность 
610 1 |a противоракетный комплекс 
675 |a 504.03  |v 3 
702 1 |a Велихов  |b Е. П.  |g Евгений Павлович  |4 340 
712 0 2 |a Академия наук СССР (АН СССР)  |c (1925-1991)  |2 stltpush  |3 (RuTPU)RU\TPU\col\722 
801 0 |a RU  |b RuMRKP  |c 19960705  |g psbo 
801 1 |a RU  |b 63413507  |c 20140926 
801 2 |a RU  |b 63413507  |c 20170307  |g RCR 
942 |c BK